000 00669nam a22002417a 4500
003 UA-OsUOA
001 58975
007 ta
008 20090304b un ||||| |||| 00| 0 ukr d
100 _aОвсянникова Л.
090 _a821.161.2
_bО-34
942 _cBK
040 _aUA-OsUOA
_bukr
_cUA-OsUOA
_dUA-OsUOA
245 _aПоряд з характерником
_bРоман
300 _a512 с.
955 _a3
041 _aukr
080 _a821.161.2
020 _a978-966-8103-38-4
260 _aДніпропетровськ
_bЗоря
_c2008
650 7 _a82 Література. Літературознавство
_2UDC
999 _c345072
_d345072